| 000 | 01114nam a2200337 i 4500 | ||
|---|---|---|---|
| 001 | 020098263 | ||
| 003 | Uk | ||
| 005 | 20260210125816.0 | ||
| 008 | 201130s2022 enk o 000|0|eng|d | ||
| 020 |
_a9781529159004 _qpaperback |
||
| 040 |
_aStDuBDS _beng _cStDuBDS _dUk _duoc _erda _epn |
||
| 082 | 0 | 4 |
_a306.36 _223 _bGRA |
| 100 | 1 |
_aBeverley, Grace, _eauthor. _94534 |
|
| 245 | 1 | 0 |
_aWorking hard, hardly working: _bHow to achieve more, stress less and feel fulfilled/ _cGrace Beverley. |
| 250 | _bTHE No.1 SUNDAY TIMES BESTSELLER. | ||
| 264 | 1 |
_aLondon: _bPenguin Books, _c2022. |
|
| 264 | 4 | _c© Grace Beverley, 2021. | |
| 300 |
_avii,216 pages ; _c21 cm. |
||
| 336 |
_atext _2rdacontent _btxt |
||
| 337 |
_acomputer _2rdamedia _bn |
||
| 338 |
_aonline resource _2rdacarrier _bnc |
||
| 588 | _aDescription based on CIP data; resource not viewed. | ||
| 650 | 0 | _aWork-life balance. | |
| 650 | 0 |
_aAttention. _94244 |
|
| 650 | 0 |
_aRelaxation. _94535 |
|
| 650 | 0 |
_aWorkaholism. _94536 |
|
| 690 | 7 |
_aManagement and Business Studies _2blcoll |
|
| 690 | 7 |
_aSocial Welfare _2blcoll |
|
| 942 |
_2ddc _cBK |
||
| 999 |
_c1775 _d1775 |
||